000 01005cam a22003137a 4500
003 CHAP
005 20220329135819.0
008 971013s1976 r 00010 d
010 _a42679
011 _a43651
035 _a47787
040 _cCHAP
090 _aFolleto 9279
110 _aMéxico. Dirección General de Unidades de Riego para el Desarrollo Rural
_977049
245 1 3 _aEl conejo y la col
260 _aMéxico, D.F. :
_bLa Dirección,
_c(1976?)
300 _aHoja desplegable
_b: ilus
490 0 _aHoja de divulgación
_v; 23
590 _aBATCH-UPD
_b10
_c20130110
_lUCH01
_h2004
590 _aBATCH-UPD
_b10
_c20130410
_lUCH01
_h1323
590 _aBATCH-UPD
_b10
_c20130914
_lUCH01
_h1134
590 _aCONVERSION
_b10
_c20130109
_lUCH01
_h1323
650 1 4 _aCunicultura.
_930449
650 1 4 _aDesarrollo de la comunidad rural.
_931995
830 0 _aHoja de divulgación
_v; 23
_955847
901 _aBK
942 _cFOLL
949 _aFolleto 9279
_bBC
_cFOLL
_d-108507
_eTS1
_i47787
_mD
_si
999 _c42679
_d42679